000 00672nam a2200193 4500
001 143967
003 ES-MaACL
005 20230906200921.0
007 t|
008 070214s1914 xxk r ||||1| eng d
100 1 _aShaw, Bernard.
_9106025
245 1 0 _aMisalliance
_b: ; The Dark Lady of the Sonnets ; and Fanny's First Play ; with a Treatise on parents and children /
_cby Bernard Shaw.
260 _aLondon :
_bConstable and Co.,
_c1914 (
_eEdinburgh :
_fR. R. Clark)
300 _aCXIX, 234 p. ;
_c18 cm.
740 0 _aThe Dark Lady of the Sonnets.
740 0 _aFanny's First Play.
740 0 _aTreatise on parents and children.
852 _aES-MaACL
_jF-5395
999 _c143967
_d143967